1381 1747 1381 1524 1794 1156 1857 1602 1698 1239 1402 1053 1923 1747 1326 1203 1473 1585 1685 1887 1226 1157 1547 1678 1176 1500 1869 1819 1540 1142 1241 1573 1297 1569 1268 1461 1499 1577 1379 1291 1171 1133 1346 1832 1518 1751 1321 1475 1482 1600 1499 1244 1680 1043 1076 1614 1127 1289 1700 1358 1095 1978 1433 1034 1496 1665 1694 1994 1731 1432 1372 1056 1793 1973 1467 1711 1439 1979 1141 1787 1647 1633 1361 1715 1663 1901 1192 1535 1302 1478 1838 1331 1878 1149 1323 1657 1388 1310 1916 BCNSPRNW ULIB Ver.6.0+V

เปลี่ยนเป็นภาษาไทย

Change to English
 แสดงรายละเอียดบรรณานุกรม
  กลับหน้าหลัก

Brief Record : Get Marc (ISO 2709) : E-mail record : QR code < ปิดหน้าต่าง
LEADER : 00000nam 2200000uu 4500
001    13399126196
003     ULIB
008    180716s2013||||th 000 0 tha d
020    ^a9780521739191
050 00 ^aPE1128^bC172^cV.7
245 10 ^aCambridge practice tests for IELTS 7
260    ^aCambridge :^bCambridge University Press,^c2013
300    ^a176 p.:^bill. ;^c25 cm.
650 00 ^aInternational English Language Testing System.
650 00 ^aEnglish language^xExaminations, questions, etc.
650 00 ^aEnglish language^xTextbooks for foreign speakers
945    ^p0^l0^i26414
999    ^aกัณชพร จุลอักษร
รายการนี้ยังไม่มีแท็ก
คุณยังไม่ได้ล็อกอิน คุณสามารถมีกิจกรรมร่วมกับเว็บไซต์ได้ แต่ต้องล็อกอินก่อน ::
  ล็อกอิน

รายการสื่อสารสนเทศ

ลำดับที่ ประเภท เลขเรียก/บาร์โค้ด สถานที่ สถานะ
1. วิทยาศาสตร์การแพทย์ และสุขภาพ
วิทยาศาสตร์การแพทย์ และสุขภาพ
PE1128 C172 V.7 ฉ.1 
  Barcode: 26414
ห้องสมุดวิทยาเขตนครสวรรค์
►หนังสือทั่วไป:l:General Books
บนชั้น

รายการใกล้เคียง
    ชื่อเรื่อง [Cambridge practice tests for IELTS 7]

    หัวเรื่อง [International English Language Testing System.]

BibComment


ยังไม่เคยถูกคอมเมนท์

คอมเมนท์ทรัพยากรรายการนี้
  คอมเมนท์: Cambridge practi..


 Copyright 2026. Bcnsprnw @Library